Principles and applications of tribology (Record no. 2705)

000 -LEADER
fixed length control field 00535nam a22002054a 4500
001 - CONTROL NUMBER
control field 2705
003 - CONTROL NUMBER IDENTIFIER
control field BD-DhUET
008 - FIXED-LENGTH DATA ELEMENTS--GENERAL INFORMATION
fixed length control field 980908s1999 nyua 001 0 eng
020 ## - INTERNATIONAL STANDARD BOOK NUMBER
International Standard Book Number 0471594075
040 ## - CATALOGING SOURCE
Original cataloging agency DLC
Transcribing agency DLC
Modifying agency BD-DhUET
082 00 - DEWEY DECIMAL CLASSIFICATION NUMBER
Classification number 621.89
Item number BHU/1999
100 1# - MAIN ENTRY--PERSONAL NAME
Personal name Bhushan, Bharat,
245 10 - TITLE STATEMENT
Title Principles and applications of tribology
Statement of responsibility, etc. by Bharat Bhushan
250 ## - EDITION STATEMENT
Edition statement Ist ed.
260 ## - PUBLICATION, DISTRIBUTION, ETC. (IMPRINT)
Place of publication, distribution, etc. New York
Name of publisher, distributor, etc. John Wiley,
Date of publication, distribution, etc. 1999
300 ## - PHYSICAL DESCRIPTION
Extent xix, 1020 p.
504 ## - BIBLIOGRAPHY, ETC. NOTE
Bibliography, etc Includes bibliographies.
650 #0 - SUBJECT ADDED ENTRY--TOPICAL TERM
Topical term or geographic name as entry element Tribology.
942 ## - ADDED ENTRY ELEMENTS (KOHA)
Koha item type General Book
Holdings
Piece designation (barcode) Damaged status Koha date last seen Price effective from Copy number Koha item type Location (home branch) Source of classification or shelving scheme Not for loan Shelving location Withdrawn status Koha issues (times borrowed) Lost status Date acquired Sublocation or collection (holding branch) Koha normalized classification for sorting Koha date last borrowed Koha full call number
96879 2014-09-292014-09-291General BookCentral Library, BUET  Circulation section   2014-09-29Central Library, BUET621_000000000000000_89BHU1999 621.89/BHU/1999
97824 2014-09-292014-09-292General BookCentral Library, BUET  Circulation section   2014-09-29Central Library, BUET621_000000000000000_89BHU1999 621.89/BHU/1999
97823 2023-01-092015-04-263General BookCentral Library, BUET  Circulation section 1 2015-04-26Central Library, BUET621_890000000000000_BHU_19992022-12-21621.89/BHU/1999
96878 2015-06-142015-06-144Reading ItemCentral Library, BUET  Reading section   2015-06-14Central Library, BUET621_890000000000000_BHU_1999 621.89/BHU/1999
96880 2023-01-242017-11-045General BookCentral Library, BUET  Circulation section 1 2002-06-16Central Library, BUET621_890000000000000_BHU_19992023-01-09621.89/BHU/1999